| 000 | 00750nam a2200205 a 4500 | ||
|---|---|---|---|
| 003 | 0 | ||
| 005 | 20250311084524.0 | ||
| 008 | 080730s19uu xx 00 eng d | ||
| 050 |
_aPGS TP 371.2.A46 _b.M235 2008 |
||
| 100 | _aMakdessian, Kassandra Elise V. | ||
| 245 |
_aThe effects of ammonium on the dehydration of fruits / _cKassandra Elise V. Makdessian. |
||
| 260 |
_aLas PiƱas City, Philippines : _bSouthville International School and Colleges, _c2008. |
||
| 300 |
_a19 pages : _billustrations ; _c28 cm. |
||
| 504 | _aIncludes bibliographical references. | ||
| 650 |
_aFood _vDehydration. |
||
| 650 |
_a Ammonium compounds _vPhysiological effect. |
||
| 650 |
_aFruit _vPreservation. |
||
| 650 | _aFood chemistry. | ||
| 942 |
_2lcc _cPASS |
||
| 999 |
_c97990 _d97990 |
||